| 000 | 00629nam a2200253Ia 4500 | ||
|---|---|---|---|
| 003 | OSt | ||
| 005 | 20221005130541.0 | ||
| 006 | a|||||r|||| 00| 0 | ||
| 007 | ta | ||
| 008 | 221004b |||||||| |||| 00| 0 eng d | ||
| 024 | _a46268 | ||
| 037 | _cTextual | ||
| 040 |
_aCRL _cCRL _beng |
||
| 041 |
_2eng _aeng |
||
| 082 | _aO111,3MDA,1, 31K4 | ||
| 100 |
_aTeepho Daniel _9638294 |
||
| 245 | 0 | _aRobinson Cruso | |
| 260 | _c1964 | ||
| 300 |
_a70 _ccm. |
||
| 650 | _a TAMIL FICTION | ||
| 650 | _aENGLISH FICTION | ||
| 942 |
_hO111,3MDA,1, 31K4 _cTEXL _2cc |
||
| 999 |
_c1057622 _d1057622 |
||